Critical Thinking for Students (Record no. 16406)
[ view plain ]
| 000 -LEADER | |
|---|---|
| fixed length control field | 00636nam a22002177a 4500 |
| 003 - CONTROL NUMBER IDENTIFIER | |
| control field | OSt |
| 005 - DATE AND TIME OF LATEST TRANSACTION | |
| control field | 20140310182821.0 |
| 008 - FIXED-LENGTH DATA ELEMENTS--GENERAL INFORMATION | |
| fixed length control field | 130304t xxu||||| |||| 00| 0 eng d |
| 020 ## - INTERNATIONAL STANDARD BOOK NUMBER | |
| International Standard Book Number | 9781845283865 |
| 050 ## - LIBRARY OF CONGRESS CALL NUMBER | |
| Classification number | BF 441 |
| Item number | .V217 2010 |
| 082 ## - DEWEY DECIMAL CLASSIFICATION NUMBER | |
| Classification number | M 160 |
| Item number | V217 2010 |
| 245 ## - TITLE STATEMENT | |
| Title | Critical Thinking for Students |
| Remainder of title | Learn the Skills of Analysing, Evaluating and Producing Arguments |
| Statement of responsibility, etc | van den Brink-Budgen, Roy |
| 250 ## - EDITION STATEMENT | |
| Edition statement | 4th ed. |
| 260 ## - PUBLICATION, DISTRIBUTION, ETC. (IMPRINT) | |
| Name of publisher, distributor, etc | How To Books |
| Date of publication, distribution, etc | 2010 |
| Place of publication, distribution, etc | United Kingdom |
| 300 ## - PHYSICAL DESCRIPTION | |
| Extent | 118 pages |
| Dimensions | 24.6 cm. |
| 521 ## - TARGET AUDIENCE NOTE | |
| Target audience note | |
| 526 ## - STUDY PROGRAM INFORMATION NOTE | |
| Reading level | 1210L-1700L |
| 541 ## - IMMEDIATE SOURCE OF ACQUISITION NOTE | |
| -- | 1 |
| 562 ## - COPY AND VERSION IDENTIFICATION NOTE | |
| Number of copies | 1 |
| 942 ## - ADDED ENTRY ELEMENTS (KOHA) | |
| Source of classification or shelving scheme | Library of Congress Classification |
| Koha item type | Books |
| Call number prefix | |
| Withdrawn status | Lost status | Source of classification or shelving scheme | Damaged status | Home library | Current library | Shelving location | Date acquired | Total Checkouts | Full call number | Barcode | Date last seen | Date checked out | Copy number | Price effective from | Koha item type |
|---|---|---|---|---|---|---|---|---|---|---|---|---|---|---|---|
| Library of Congress Classification | College Library | College Library | General Circulation Section | 03/04/2013 | 1 | BF 441 .V217 2010 | c14034 | 05/15/2018 | 01/08/2016 | 1 | 03/04/2013 | Books |